[Event "BCC Championship "]
[Site "BCC"]
[Date "2016.05.23"]
[Round "11"]
[White "Jeremy Lim"]
[Black "James Watson"]
[Result "1/2-1/2"]
[WhiteElo "1520"]
[BlackElo "1802"]

1.c4 Nf6 2.Nc3 g6 3.g3 Bg7 4.Bg2 O-O 5.d4 d6 6.e3 c6 7.Nge2 Bg4 8.Qc2 Qc8
9.O-O Bh3 10.Rb1 h5 11.e4 e5 12.dxe5 dxe5 13.b4 h4 14.Bg5? Bxg2 15.Kxg2 h3+
16.Kh1 Qg4 17.f4 Nh5 18.Qd3 f6 19.Bh4 g5 20.Qf3 Qxf3+ 21.Rxf3 gxh4 22.g4 Nxf4
23.Nxf4 exf4 24.Ne2 Bh6 25.Rxh3 Re8 26.Nd4 Rxe4 27.Nf5 Bg5 28.Rd1 Na6 29.Rd7
Rxc4 30.Rhd3 Nxb4?? {Going from a completely winning position to a draw, I'd
not really been paying attention so overlooked white can check on g7 giving
the tempo to bring the second rook to the second rank (JW)} 31.Rg7+ Kf8
32.Rdd7 Rc1+ 33.Kg2 Rc2+ 34.Kg1 Rc1+ 35.Kg2 {Trying to find some way to avoid
a draw I proceed to start giving up some material to keep the game going (JW)}
h3+ 36.Kxh3 Rc3+ 37.Kg2 f3+ 38.Kg3 f2+ 39.Kg2 f1=Q+ 40.Kxf1 Rf3+ 41.Kg2 Rxf5
{Technically a mistake after which white is better, however I would have
chances should white chose to go for the win (JW)
Was considering Rh7-h8 here but quickly decided not to push my luck. After all
at the very least black should have perpetual checks (JL)} 42.Rgf7+ {White
offers a draw which black accepts, black did well not to despair and generate
chances for a swindle (JW)} {#d} 1/2-1/2

[Event "BCC Championship"]
[Site "BCC"]
[Date "2016.05.26"]
[Round "8"]
[White "Harrison Harrison"]
[Black "Patrick Cook"]
[Result "1/2-1/2"]
[WhiteElo "1706"]
[BlackElo "1669"]

1.b3! {Cheeky...! Harrison takes on the Larsen specialist in his own Opening!}
Nf6 2.d4 d5 3.h3 g6 4.e3 Bg7 5.c4 c6 6.Nf3 O-O 7.Bd2 Ne4 8.Nc3 Nxd2 9.Qxd2 e6
10.Rc1 Nd7 11.Be2 Qa5 12.O-O Nf6? {overlooking a simple tactic...} 13.Nxd5!
Qxd2 14.Nxf6+ Bxf6 15.Nxd2 Rd8 16.Ne4 Bg7 17.Nc5 e5!? 18.dxe5 Rd2 19.Rcd1?!
Rxe2 20.Rd8+ Bf8 21.Nd7?! Bxd7 22.Rxa8 Kg7 23.Rxa7 Be6 24.Rb1 b5 25.cxb5 cxb5
26.a4?! bxa4 27.bxa4? {27.Rxa4 is better...} Ra2! 28.a5 Bc5 29.Ra6 Bf5 30.Rb3
Be6 31.Rc3 Bb4 32.Rc7 Kh6 33.e4 Rxa5 {Black offered a draw...} 34.Rxa5 Bxa5
35.Rb7 Bc3 36.f4 Kg7 37.g4 Ba2 38.Kf2 g5! 39.Ke3 gxf4+ 40.Kxf4 Bd2+ 41.Kf3
{not 41.Kf5 Be6 mate!!} Bc3 42.Rb5 Be6 43.h4 Be1 44.h5 h6 45.Kf4 Bd2+ 46.Kg3
Bg5 {another draw offer from Black...} 47.Kf3 Bd2 48.Rd5!? Bc1 {I thought for
a long time about 48...Bxd5. I decided Black can't win and avoided
complications.} 49.Rd1 Bg5 50.Rg1 Bd2 51.Rd1 Bg5 52.Rd5 Bc1 53.Kg3 Bg5 54.Kf3
Bc1 55.Kg3 Bg5 56.Kf3 {#d} 1/2-1/2

[Event "BCC Championship"]
[Site "BCC"]
[Date "2016.05.26"]
[Round "8"]
[White "Michael Tausz"]
[Black "Jamie Brotheridge "]
[Result "0-1"]
[WhiteElo "1433"]
[BlackElo "1529"]

1.e4 c6 2.c4 d5 3.cxd5 cxd5 4.exd5 Qxd5 5.Nc3 Qe5+ 6.Be2 Nc6 7.Nf3 Qa5 8.O-O
Nf6 9.d4 e6 10.Bd2 Be7 11.Rc1 O-O 12.Na4 Qd8 13.Be3 Nd5 14.Bd3 Ncb4 15.Bb1 Bd7
16.a3 Nc6 17.Nc5 Bc8 18.Qc2 g6 19.Bh6 Re8 20.Ne4 {rfei is better} Nf6 21.h4
{not a good move} Nxd4 22.Nxd4 Qxd4 23.Nxf6+ {bad move agian _1.06} Bxf6 24.h5
Qxb2 25.hxg6 fxg6 26.Qc7 Qe5 27.Qc4 Bd7 28.Rcd1 {rc1 the loseing move -+ 3.17
bb5 winning and i miss it doesn,t matter mate l like torture u hahaha lol} Bc6
29.Rfe1 Bd5 30.Rxe5 Bxc4 31.Rc5 Bd5 32.Rc7 Rac8 33.Rdc1 Rxc7 34.Rxc7 Bc6 {that
move l hurry g cant help my self bad habit} 35.Ba2 Be5 36.Rc8 Kf7 37.Rxe8 Bxe8
38.Kf1 {he fail asleep doing a rb} Bb2 {#R} 0-1

[Event "BCC Championship"]
[Site "BCC"]
[Date "2016.05.27"]
[Round "8"]
[White "Peter Lumsdon"]
[Black "Rodney Jacobs"]
[Result "0-1"]
[WhiteElo "1786"]
[BlackElo "1659"]

1.e4 d5 {Avoiding the Ruy Lopez, which  Peter would know far better than me.
(RJ)} 2.exd5 Nf6 3.d4 {An alternative is 3. c4  e6!? going into the
fascinating Scandinavian Gambit. (RJ)} Nxd5 4.c4 Nb6 5.Nc3 {Chessbase shows
the more more common move to be Nf3. It has the advantage of preventing
5......e5. (RJ)} e5 {The sharpest and most popular move in this position in
Chessbase. Black sacs a pawn for a lead in development and active piece play,
in many lines winning the pawn back. (RJ)} 6.dxe5 Qxd1+ 7.Nxd1 Nc6 8.f4 {Again
the preferred move on Chessbase. White hangs onto the pawn and says prove it.
(RJ)} Be6 9.Ne3 Bc5 10.b3 O-O-O {Still following a main line in Chessbase.
(RJ)} 11.Bd2 {Diverging from book. a3 or Nf3 are usual here. (RJ)} Nb4 {Black
must make something happen before White catches up in development.Apart from
the threatened fork, it prevents White for the moment from castling, which
would bring White's rook onto the d file, But Deep Shredder (ratin about 2800)
and Stockfish 7 (over 3300!) like Rd7 better.(RJ)} 12.Nf3 Bxe3 13.Bxb4 Bxf4
{Black has won back the gambit pawn, and has given White an isolated pawn,
while still having a lead in development.  But I did not appreciate here  the
fact that White has a considerable spacial advantage and pawn control of the
centre, and that the black knight is awkwardly placed. Also the f pawn is
backward on an open file. RJ)} 14.g3 Be3 {Probably a subtle inaccuracy, giving
White a free tempo to put his king on a square which assists in the connection
of his rooks. The bishop should go straight back to h6. (RJ)} 15.Ke2 Bh6
16.Bg2 Bg4?! {With the aim of winning the e pawn. Just a bit too ambitious.
The simpler and more flexible Rhe8 was more consistent with the theme of this
opening, namely to focus on quick development rather than material. (RJ)}
17.h3 Bxf3+ {Continuing with the faulty plan, White now has a slight
edge.(RJ)} 18.Bxf3 Rhe8 19.Bc3 Kb8? {Jumping at shadows. Nd7 was best. (RJ).}
20.Rad1! {Posing some embarrassing questions for Black. (RJ)} Rxd1? {Weak,
activating White's Queen's rook for him. Again Ne7 was called for. (RJ)}
21.Rxd1 c5 {Black finally realising he had to give up trying to win a pawn and
start trying not to get crushed. Deep Shredder gives White here 1.91. (RJ)}
22.Kf2? {This eases the pressure on Black. Correct was a4. (RJ} Kc7
{Confirming that 19....Kb8 was a wasted move. (RJ)} 23.Bg4 g6 {With the idea
of Bg7 and h5 (RJ)} 24.a4 {Gaining space and threatening to win the knight}
Re7 {Forced, to keep the Rook out of d7 after the advance of the a pawn. (RJ}
25.e6? {Over-anxious to press home his advantage, and throwing it away .
Probably assuming Black will take the pawn and overlooking Black's actual
reply. Deep Shredder suggests 25. h4  Nd7  26. Rd5  b6  27. b4  cb  28 Bxb4 
Nc5 (RJ)} f5 {Not fe which gives White a very strong position after 26 Be5ch 
Kc8  27 Rd6 (RJ)} 26.Be5+ Kc8 27.Bf3 Rxe6 28.Re1 Nd7 29.Bc3 Rxe1 30.Kxe1 {Deep
Shredder now gives Black a .63 advantage (RJ)} Bg5! {Preparing to challenge
White's black bishop on the long diagonal. (RJ)} 31.Bd5 Bf6 32.Bd2 Be5 33.Kf2
Nf6 34.Be6+ Kc7 35.g4 f4 36.Kf3 g5 37.Be1 Bd4 38.Bf5 h6 39.Ba5+ b6 40.Be1 Kd6
41.Bd2 Ke5 42.Be1 {White pretty much just has to mark time.and wait for Black
to do something. (RJ)} Ne8 {Heading for d4 (RJ)} 43.Bd3 a5 {Wanting to keep
the position closed, to reduce the activity of the White bishops. White's
black bishop, which could otherwise pick off the base of Black's pawn chains,
just can't get there. (RJ)} 44.Be4 Nc7 45.Bd3 Ba1 {To enable the knight to
jump straight into d4 if the White bishop goes to f5 (RJ)} 46.Bf2 {If 46 Bf5
Kd4 (RJ)} Ne6 47.Bc2 Nd4+ 48.Bxd4+ Kxd4 {White is relying on the fact that the
bishops are of opposite colours. Deep Shredder gives Black 1.96 here. (RJ)}
49.Kf2 Bc3 50.Ke2 Bb2 51.Kd2? {Making it easier for White. Better was Kf2.
(RJ)} f3 52.Bd3? {Ke1} Bc3+ {Black also had Bf8! (RJ)} 53.Kc2 Be1 {Bb4 was
stronger. (RJ)} 54.Bf1 Ke3 55.Kd1 f2? {Bb5 with the idea of Kf2 was much
stronger. (RJ)} 56.Bg2 Kd3? {Again Bb4. (RJ)} 57.Kc1 Kc3 {I looked at Ke2,
which wins the Black Bishop. But wanted to keep it simple and avoid any
counterplay by the White king. (RJ)} 58.Kb1 Kxb3 59.Bf1 Kxa4 60.Ka2 Kb4 61.Kb2
a4 62.Be2 a3+ 63.Ka2 Bc3 64.Bd3 Bb2 65.Bf1 Kc3 66.Kb1? {Allowing Kg6!, forcing
mate.by a2 (RJ)} Kd2? {Which Black misses.
All above analysis with aid of Deep Shredder. (RJ)} {#R} 0-1

[Event "BCC Championship"]
[Site "BCC"]
[Date "2016.05.20"]
[Round "8"]
[White "Robert Bailey"]
[Black "Michael Tausz"]
[Result "0-1"]
[WhiteElo "1569"]
[BlackElo "1433"]

1.d4 d5 {MT: No Budapest defence...} 2.c4 e6 3.Nc3 c5 4.Nf3 Nc6 5.cxd5 exd5
6.g3 Nf6 7.Bg2 Be7 8.O-O O-O 9.Bg5 cxd4 10.Nxd4 h6 11.Bxf6 Bxf6 12.Nxc6 bxc6
13.Rc1 Re8 14.Re1 Rb8 15.b3 Bb7 16.Na4 Be7 17.Nc5 Ba8 18.Qd3 Rb5 19.Na4 Bb4
20.Red1 Qe7 21.e3 {MT: RB mentioned that e4 would have been possible. Here?}
Ba3 22.Rc2 Qe6 23.Nc3 Rb6 24.Ne2 {e4 (RJ)} Bb7 25.Nd4 Qf6 26.Qf5 Qxf5 27.Nxf5
Rb5 28.Rd4 g6 29.Nxh6+?! {MT: This gave me a fright, because I had looked at
it and thought White cannot do this, as the knight gets trapped. White
probably can't do it after all.} Kg7 30.Ng4 f5 31.Ra4 Rc5 32.Rxc5 (32.Rxa7
{(MT) Is this better? During the game I (Black) thought I had an answer, but
now I cannot see a big, if any, advantage after this.} Rxc2 (32...Rb5 33.Rxc6
fxg4) 33.Rxb7+ Re7 34.Rxe7+ Bxe7 35.Ne5) 32...Bxc5 33.b4 Bb6 34.h3 fxg4
35.hxg4 Rd8 36.Ra3 d4 37.exd4 Rxd4 38.Rb3 Rd1+ 39.Kh2 Bxf2 40.Rc3 Bg1+ 41.Kh3
Rd8 42.Kh4 Bd4 43.Rc2? (43.Rb3 {would hold out longer (MT).}) 43...Rh8+ 44.Kg5
Be3# 0-1

[Event "BCC Championship"]
[Site "BCC"]
[Date "2016.06.02"]
[Round "9"]
[White "Robert Bailey"]
[Black "James Watson"]
[Result "0-1"]
[WhiteElo "1569"]
[BlackElo "1802"]

1.e4 e5 2.Nf3 Nc6 3.d4 exd4 4.Bc4 Nf6 5.e5 d5 6.exd6 {I think this might be
the crucial mistake. It's a gambit by White, but after exd6, Black is ahead in
development! Chessbase gives only Bb5 here. Deep Shredder also picks Bb5, and
moves White from .05 to - .92 following exd6 (RJ.)} Qxd6 7.O-O Bg4 8.Re1+ Be7
9.Nbd2 O-O 10.h3 Bh5 11.Nb3 Rad8 12.Bg5 h6 13.Bh4 Qf4?! 14.Bg3 Bxf3 15.Bxf4
Bxd1 16.Raxd1 Bd6 17.Bxd6 Rxd6 18.Nc5 Na5 19.Bd3 b6 20.Ne4 Nxe4 21.Rxe4 Rfd8
22.Rde1 Kf8 23.Re7 R6d7 24.R7e2 c6 25.b4 Nb7 26.Be4 Rc7 27.Rd1 c5 28.Bxb7 Rxb7
29.c3 d3 30.Re4 Re7 31.f3 Rxe4 32.fxe4 Ke7 33.Kf2 Ke6 34.Ke3 c4 35.a4 Ke5
36.g3 a6 37.Rd2 Rd6 38.a5 b5 39.h4 h5 40.Kf3 Rf6+ 41.Ke3 Rf1 42.Rg2 Rc1 43.Kd2
{#R} 0-1

[Event "BCC Championship"]
[Site "BCC"]
[Date "2016.06.02"]
[Round "9"]
[White "Jamie Brotheridge"]
[Black "Bas van Riel"]
[Result "0-1"]
[WhiteElo "1529"]
[BlackElo "1884"]

1.d4 Nf6 2.c4 g6 3.Nc3 Bg7 4.e4 d6 5.f3 O-O 6.Be3 Nc6 7.Nge2 e5 8.d5 Ne7 9.g4
h5 10.gxh5 Nxh5 11.Qd2 {11.Ng3 (!), Nf4 would have been more active, also
allowing the development of the white bishop. See also later in the game
(BvR)} f5 {(!) Trying to blunt white's attack on the king side, at the same
time fixing the pawn structure (BvR)} 12.Bg5 f4 13.O-O-O Bf6 {Trying to swap
my weak bishop against white's strong bishop} 14.Bxf6 {14.h4, followed by Bh3
would be an attractive alternative. BTW. Although Fritz gives white a small
advantage here, I felt that I had achieved my goal, ie. stopping white's
king-side attack.
I now could prepare for an attack on white's queen-side without much risk.. 
(BvR)} Nxf6 15.Nb5 {stupid move} a6 16.Na3 Bd7 17.Nc3 Qe8 {It is clear that
black's aim is to play b5, in an effort to create 'mayhem' in black's camp. A
cool-headed defence by black is needed here. He only has to realize that the
world does not go under once b5 is played!} 18.Qf2 {From the next three
(queen-) moves, it is clear that white has not made up his mind. For instance
activating the Na3 seems a good idea. Incidentally, Fritz rates white's
position still better, but this changes after white's next move (BvR)} Kg7
19.Qc2 {Now 19.c5 would have worth a try} Rb8 20.Qe2 Nc8 21.Rd2 Na7 22.Rc2?
{Jamie had 2 much better options here: Qf2, attacking the knight and
preventing 5 for the moment or Nc2. After the text move, it is all black's
game.. (BvR)} c5 23.dxc6 Nxc6 24.Qf2 Nd4 25.Rd2 b5 26.cxb5? {nc2 -0.17 cb5 is
bad now -1.21. Yes, indeed. This and the next move loose the game for white}
axb5 27.Ne2? {thats the loseing move -+ 2.06 b4 is better but black is still
better -0.67} Rc8+ 28.Nc2 {During the game, I briefly looked at the
possibility 28Kb1, Nxf3!, Qxf3; 29.Nxe4. The combination appears to be correct
and beautiful, but I was not sure that I could have calculated all the lines
if Jamie had played Kb1 (BvR)} Rxc2+ 29.Rxc2 Nxc2 30.Kxc2 Qa8! 31.Bg2 Qxa2
32.Nc3 Qc4 {I missed the much stronger 32...Rc8} 33.Qe2 Qc5 34.b4 Qxb4 35.Rb1
Qc5 36.Kd2 b4 {im back to drown my sorrows agian cheer bas i will have one for
you hope to get you next l fail a sleep again on move 27 doing a rob bailey
hahaha lol. Don't worry Jamie. I was lucky this time. You beat me last year,
so it may happen again.. (BvR)} {#R} 0-1

[Event "BCC Championship"]
[Site "BCC"]
[Date "2016.06.02"]
[Round "9"]
[White "Rodney Jacobs"]
[Black "Harrison Harrison"]
[Result "1-0"]
[WhiteElo "1659"]
[BlackElo "1706"]

1.e4 {No opening preparation. Virtually impossible to prepare against
Harrison!} c5 2.d4 cxd4 3.c3 dxc3 4.Nxc3 d6 5.Bc4 Nf6 6.Nf3 {6. e5 Nd7 (not
de? Bf7ch! wins the queen) e6 was worth a shot, (RJ)} e6 7.O-O Be7 8.Qe2 Nbd7
{Nc6 is the more usual and better move. (RJ)} 9.Rd1 {Along with  Qe2, a move a
Morra player will play almost automically. (RJ)} a6 10.Bf4 {The Computer
prefers e5 (RJ)} e5 {Deep shredder prefers b5. (RJ)} 11.Bg5 Qc7 {The Computer
says this is OK, but I was very happy to the see the Queen on the file I
intended to put a rook on. The queen often goes here in the Morra, but there
is usually a knight in front of it.(RJ)} 12.Rac1 {Threatening Nb5 (RJ)} b5?
{Disastrous. Qb8 was necessary. (RJ)} 13.Nxb5 {The knight can't be taken as
Bxf7ch wins the queen. (RJ)} Qb8 14.Nc7+ {The knight is still immune (RJ)} Kf8
15.Nxa8 {Not the best move! 15. Bb3 and if Ra7? 16. Qc4! (RJ)} Qxa8 16.Bxf6
Nxf6 17.Bd5? {Missing Ng5. (RJ)} Nxd5 18.exd5 Bb7 19.Qd2 {Rc7 is much
stronger. (RJ)} f6 20.Nh4 g6? {Bc8. (RJ)} 21.Rc7 Kf7 22.Nf3? {Missing Qb5!}
g5? 23.Ne1? {Wanting to get the knight to the more useful square e3.. But
Overlooking Nxg5  fg  24. Qxg5  Qf8 (if Re8 Rd3! forces mate) 25 Rxb7 (RJ)}
Re8 24.Nc2 {Deep Shredder prefers h4. (RJ)} Qb8 25.Rc3 Bd8 26.Rh3 Kg6 27.Qe2
Kg7 28.Qh5? {I thought for a while about Nd4, but was was worried about Bc8.
But Nd4 is the better move.(RJ)} Rh8 29.Qe2 Bc8 30.Rb3 Qa7 31.Nb4 Bb6 32.Nc6
Qc7 33.Rc3 h5 34.Rdc1 Qf7 35.a4 {I looked at Ne5, which is a bit stronger, but
could not see through the complications. (RJ)} Re8 36.Qd1 Bg4 37.Qb3 Bc5 38.h3
Bf5 39.Qd1 {Renewing the threat of b4 (RJ)} Be4 40.b4 Bb6 {At the time I
thought Qxd5 might have been stronger. The computer program confirms it is.
(RJ)} 41.a5 Bd8 42.Nxd8 Rxd8 43.Rc7 Rd7 44.f3?? {Maybe  relaxing after finally
getting the position I was after. Simply not noticing that the rook was
attacked twice.(RJ)} Rxc7 45.fxe4 {I tried to look calm to convince Harrison
there was some deep strategy behind the giving up of the rook. But I don't
think he was buying it. The computer now calls it dead even.(RJ)} h4 46.Rc6
Qd7? {A bad mistake, giving White a renewed advantage. Rxc6 was necessary.
(RJ)} 47.Qc2? {Deep Shredder indicates Qg4, which I had considered and
rejected, is much stronger. (RJ)} Ra7 48.Qc4 {There is not much in it, but
Deep Shredder prefers Qe2, which also attacks the Black a pawn, but
discourages b4. (RJ)} g4 49.hxg4 Qxg4 50.Qd3 {Rxd3 is stronger. (RJ)} Rb7
51.Qf3 Qg5 52.Rxd6 Rxb4 53.Rb6 Ra4 54.Rxa6 f5? {Ra1ch (RJ)} 55.Ra7+? {Qc3!
(RJ)} Kh6 56.Ra6+ Kg7? {Again allowing White the opportunity to play Qc3, with
the threat of check. Kh7! is necessary. (RJ} 57.Qc3 {Seeing it this time.
(RJ)} Ra1+? {Not necessary. Black can play Kh7, but is still now lost. (RJ)}
58.Qxa1 Qe3+ 59.Kh1 {Black has no more checks. (RJ)} Qxe4 60.Qc1 {Preventing
all checks and threatening 2 nasty checks.(RJ)} Qxd5 61.Qg5+ {Qh6 ch is a bit
more accurate. (RJ)} Kf7 62.Qf6+ Ke8 63.Re6+ Kd7 64.Re7+ Kd8 65.Qf8# {A
tension-filled, game with unbalanced positions, of the type where it is very
hard to know what to do and any inaccuracies are blunders because of the
severe consequences. All above analysis with aid of computer. (RJ)} 1-0